LEADER 01661nam 2200349 n 450 001 996389235003316 005 20200824121403.0 035 $a(CKB)1000000000647053 035 $a(EEBO)2248541583 035 $a(UnM)99834569e 035 $a(UnM)99834569 035 $a(EXLCZ)991000000000647053 100 $a19970509d1699 uy | 101 0 $aeng 135 $aurbn||||a|bb| 200 14$aThe burden of a loaden conscience: or The penitent confession of a clergy-man$b[electronic resource] $ewritten while he was under trouble of mind for his former vicious course of life. Which may serve as a warning to all lewd scholers. Especially all such as intend to take upon them the sacred office of the ministry. To which is added a preface written by a reverend divine of the Church of England, concerning scandalous ministers. And also the copy of a letter written by a country-gentleman under horrour of conscience. And now reprinted 210 $aLondon $cprinted for A. Baldwin, near the Oxford-Arms-Inn, in Warwick-Lane$d1699 215 $a[8], 52 p 300 $aFirst published in 1608 as "The burthen of a loaden conscience", whose dedication is signed "Richard Kilby". 300 $aReproduction of the original at the British Library. 330 $aeebo-0018 606 $aConscience$vEarly works to 1800 615 0$aConscience 700 $aKilby$b Richard$fd. 1617.$01006882 801 0$bCu-RivES 801 1$bCu-RivES 801 2$bCStRLIN 801 2$bWaOLN 906 $aBOOK 912 $a996389235003316 996 $aThe burden of a loaden conscience: or The penitent confession of a clergy-man$92341784 997 $aUNISA LEADER 01764nas 2200577-a 450 001 996251300503316 005 20231011213020.0 011 $a1538-4756 035 $a(DE-599)ZDB2068560-9 035 $a(OCoLC)48878972 035 $a(CKB)954925540172 035 $a(CONSER)--2002211004 035 $a(EXLCZ)99954925540172 100 $a20020128a19849999 s-- a 101 0 $aeng 135 $aurcnu|||||||| 181 $ctxt$2rdacontent 182 $cc$2rdamedia 183 $acr$2rdacarrier 200 10$aRemedial and special education 210 $aAustin, Tex. $cPRO-ED 210 31$a[Thousand Oaks, CA] :$cSage Publications 215 $a1 online resource 300 $aRefereed/Peer-reviewed 311 $a0741-9325 531 $aREM SPEC EDUC 531 $aREMEDIAL & SPECIAL EDUCATION; RASE 531 $aREMEDIAL SPEC. EDUC 531 0 $aRemedial spec. educ. 606 $aSpecial education$vPeriodicals 606 $aLearning disabilities$vPeriodicals 606 $aEducation, Special 606 $aRemedial Teaching 606 $aSpecial Education$2ebps$3(uri) http://id.worldcat.org/fast/fst01128842 606 $aLearning disabilities$2fast$3(OCoLC)fst00994891 606 $aSpecial education$2fast$3(OCoLC)fst01128842 608 $aPeriodical. 608 $aPeriodicals.$2fast 608 $aPeriodicals.$2lcgft 615 0$aSpecial education 615 0$aLearning disabilities 615 2$aEducation, Special. 615 2$aRemedial Teaching. 615 7$aSpecial Education. 615 7$aLearning disabilities. 615 7$aSpecial education. 676 $a371.9/05 906 $aJOURNAL 912 $a996251300503316 996 $aRemedial and special education$92123078 997 $aUNISA